000
00332nam a2200145Ia 4500
008
191201s2019 xx 000 0 und d
082
_a
006.31 GOA
100
_a
GOPAL, M
245
0
_a
Applied Machine learning
250
_a
2nd Ed.
260
_b
New Delhi
_a
TMH
_c
2024
300
_a
630
650
_a
B.Tech(CSE)
942
_2
ddc
_c
BK
999
_c
6856
_d
6856